| 000 | 01807nam0a2200397 4500 | ||
|---|---|---|---|
| 001 | RU\NLR\bibl\575155 | ||
| 005 | 20250610133949.0 | ||
| 010 |
_a5-02-032829-4 _bв пер. _9350 |
||
| 021 |
_aRU _b2004-28322 _91427 |
||
| 035 | _aRSL-KNO-002433986 | ||
| 035 | _a(NLR Aleph) 000567201 | ||
| 090 |
_a1569647 _c1569647 |
||
| 100 | _a20040519d2004 |||y0rusy50 ca | ||
| 101 | 0 | _arus | |
| 102 | _aRU | ||
| 105 | _aa ||||||||| | ||
| 106 | _ar | ||
| 200 | 1 |
_aСтруктурирование информации _eСистемный подход _e[Синхронизация классификаторов] _fЛ.А. Рейнгольд |
|
| 210 |
_aМ. _cНаука _d2004 _eППП Тип. Наука |
||
| 215 |
_a199, [1] с. _cил. _d22 |
||
| 313 | _aАИС | ||
| 320 | _aБиблиогр.: с. 191-197 | ||
| 606 | 0 |
_aАИС _xПрограммное обеспечение _92284223 _3RU\NLR\auth\661368366 |
|
| 606 | 0 |
_aАИС _xПроектирование _92267436 _3RU\NLR\auth\661359160 |
|
| 606 | 0 |
_aАвтоматизированные информационные системы _xПрограммное обеспечение _92284226 _3RU\NLR\auth\661368367 |
|
| 606 | 0 |
_aАвтоматизированные информационные системы _xПроектирование _92267434 _3RU\NLR\auth\661359159 |
|
| 610 | 0 | _aЭкономика -- Информационные технологии -- Автоматизированные системы управления | |
| 686 |
_aУ.в612.3,0 _2rubbk |
||
| 686 | _aЗ973.233 | ||
| 700 | 1 |
_aРейнгольд _bЛ. А. _gЛеонид Александрович _4070 |
|
| 801 | 0 |
_aRU _bRuMoRKP _c20040519 _gPSBO |
|
| 801 | 1 |
_aRU _bRuMoRGB _c20040519 |
|
| 801 | 2 |
_aRU _bNLR _c20041118 _gPSBO |
|
| 942 | _cBOOK | ||
| 980 | _aNB | ||